Politik- und Geschichte-Quiz 3 - Statistiken

Allgemein
  • Dieses Quiz wurde 730 mal gespielt
  • Das Durchschnittsergebnis liegt bei 8 aus 15
Antwortstatistiken
Beschreibung Begriff/Name % Korrekt
Währung der Europäischen Union Euro
96%
Bezeichnung für die Gliedstaaten der Schweiz, vergleichbar mit Bundesländern Kanton
84%
das wichtigste Gesetz der Bundesrepublik Deutschland Grundgesetz
83%
Begriff, unter dem die Verminderung des Geldwerts bzw. eine Steigung des Preisniveaus verstanden wird Inflation
76%
Finanzhilfe für arbeitslose Menschen Deutschlands, die 2023 durch das Bürgergeld abgelöst wurde Hartz IV
75%
beschreibt das oftmals gewaltsame Aufbegehren der Bevölkerung gegen die Regierung, z.B. in Frankreich im 18. Jahrhundert Revolution
73%
Abkürzung für jene paramilitärische Organisation, deren Anführer Hitler ob der Angst um seinen Machterhalt 1934 ermorden ließ SA
60%
diese ist laut Grundgesetz "unantastbar" Menschenwürde
58%
bekannte Bewegung des linksextremen Politspektrums Antifa
48%
berüchtigter Auslandsgeheimdienst Israels Mossad
46%
aufgrund der NS-Zeit negativ konnotierter Begriff für Sterbehilfe Euthanasie
43%
Begriff, der das Ableisten des Grundwehrdienstes beim österreichischen Bundesheer umfasst, gilt in Norwegen auch für Frauen Wehrpflicht
31%
Organisation für Sicherheit und Zusammenarbeit in Europa OSZE
25%
eine der schillerndsten Figuren der österreichischen Sozialdemokratie, enge Zusammenarbeit mit Willy Brandt und Olof Palme Bruno Kreisky
10%
radikal-islamistische Organisation, die ihren Ursprung in Ägypten hat, mittlerweile ihren Einflussbereich auch auf den deutschsprachigen Raum ausgeweitet Muslimbruderschaft
6%
Keine übereinstimmenden Quizze gefunden
Verteilung der Resultate
Anzahl Personen mit jedem Resultat
Perzentil nach korrekt beantworteten Fragen
Ihre Resultats-Entwicklung
Sie haben dieses Quiz noch nicht gespielt